Ako zvládnuť rozvoj firmy bez zbytočných komplikácií

Niekoľko skúseností z praxe, ktoré prinášajú efekt a úspech v riadení firmy. Flexibilné pracovné miesta. Plánovanie. Finančný prínos zamestnanca. Manažovanie úveru a rizika.

Salvato in:
Dettagli Bibliografici
Autore principale: Kollárová, Zuzana
Natura: Capitolo di libro
Lingua:slovacco
Soggetti:
Tags: Aggiungi Tag
Nessun Tag, puoi essere il primo ad aggiungerne!!

MARC

LEADER 00000naa a2200000 4500
001 0215190
005 20231113105042.9
041 0 |a slo 
044 |a SK 
245 1 0 |a Ako zvládnuť rozvoj firmy bez zbytočných komplikácií  |c Zuzana Kollárová 
520 |a Niekoľko skúseností z praxe, ktoré prinášajú efekt a úspech v riadení firmy. Flexibilné pracovné miesta. Plánovanie. Finančný prínos zamestnanca. Manažovanie úveru a rizika. 
610 2 0 |a podnikanie 
610 2 0 |a firmy 
610 2 0 |a manažment 
610 2 0 |a riadenie podnikové 
610 2 0 |a plánovanie 
610 2 0 |a flexibilita 
610 2 0 |a úver 
610 2 0 |a riziko 
610 2 0 |a riadenie rizík 
610 2 0 |a pohľadávky 
100 1 |a Kollárová, Zuzana